000 00767nam a2200265Ia 4500
003 OSt
005 20220918211142.0
006 a|||||r|||| 00| 0
007 ta
008 220917b |||||||| |||| 00| 0 eng d
024 _a123,473
037 _cTextual
040 _aARTS
_cARTS
_beng
041 _2eng
_aeng
082 _aV1:19(zP), N4
100 _aMurray Douglas J Ed
_9120108
245 0 _aDefence policies of nation
_b A comparative study
250 _a3rd
260 _aBaltimore
_bJohns Hopkins University Press
_c1994
300 _axxiv, 6119
_ccm.
650 _aPOLITICAL SCIENCE
700 _a Viotti Paul R Ed.
_934872
942 _hV1:19(zP), N4
_cTEXL
_2CC
999 _c246662
_d246662